Quiz Cultura Generale - Quiz n°48 - Statistics

Statistiche generali
  • Questo quiz è stato fatto 218 volte
  • Il punteggio medio è 9 su 15
Statistiche sulle risposte
Domanda Risposta % Corretto
In quale città è nato Gesù Cristo? Betlemme
97%
Qual è la fonte di energia sfruttata delle pale eoliche? Vento
93%
Qual è la regione con meno comuni in Italia? Valle d'Aosta
91%
Quante dimensioni ha una linea retta? Una
89%
Qual è il paese asiatico maggior produttore di petrolio? Arabia Saudita
72%
Quale celebre scrittore e poeta italiano soggiornò presso il "Vittoriale degli Italiani" dal 1921 al 1938? Gabriele D'Annunzio
71%
Su quale isola nacque Napoleone Bonaparte? Corsica
60%
In quale stato si trova la sede della casa automobilistica SEAT? Spagna
60%
In quale città si trova la Galleria Umberto I? Napoli
57%
Su quale isola di trova la città di Portoferraio? Isola d'Elba
56%
Qual è la la scienza che studia la trasformazione dell'uva in vino, l'uva adatta alla sua produzione, ed anche il processo produttivo in sé? Enologia
49%
Chi è stato il primo Presidente della Repubblica italiana? Enrico De Nicola
40%
Qual è il nome del sale CaCO3? Carbonato di calcio
33%
Secondo la leggenda, quale città fondò la regina fenicia Didone? Cartagine
33%
In quale anno l'Italia ha annesso il Veneto? 1866
19%
Nessun quiz corrispondente trovato
Distribuzione punteggi
Percentuale di utenti per punteggio
Percentile per numero di risposta
I tuoi punteggi nel tempo
Non hai fatto questo quiz